[Event "New York Fall IM-D"]
[Site "Long Island City"]
[Date "2022.11.13"]
[Round "8"]
[White "Zaloznyy, Mike"]
[Black "Dolgitser, Konstantin"]
[Result "1/2-1/2"]
[WhiteElo "2226"]
[BlackElo "2161"]
[PlyCount "155"]
[EventDate "2022.11.09"]
[EventType "tourn"]
[EventRounds "9"]
[EventCountry "USA"]
[SourceTitle "CBM 211 Extra"]
[Source "ChessBase"]
[SourceDate "2023.01.31"]
[SourceVersion "1"]
[SourceVersionDate "2023.01.31"]
[SourceQuality "1"]

1. d4 d5 2. Nf3 Nf6 3. c3 c6 4. Qc2 Bg4 5. Ne5 Bh5 6. Qf5 e6 7. Qh3 Qc8 8. Bg5 Bg6 9. Nxg6 fxg6 10. Bxf6 gxf6 11. e4 Qd7 12. Bd3 Bg7 13. Nd2 0-0 14. Rd1 e5 15. Qe3 exd4 16. Qxd4 f5 17. e5 Bxe5 18. Qa4 Qc7 19. h4 Nd7 20. h5 Nc5 21. Qc2 Rae8 22. hxg6 hxg6 23. Kf1 Kg7 24. Re1 Rh8 25. Rxh8 Rxh8 26. Ke2 Bf6 27. Kd1 Qf4 28. Nf3 Nxd3 29. Qxd3 Qa4+ 30. Kc1 Qxa2 31. Qe3 Qa1+ 32. Kc2 Qa4+ 33. Kd2 Qa5 34. Nd4 Qb6 35. Ne6+ Kf7 36. Ng5+ Bxg5 37. Qxg5 Qxb2+ 38. Kd1 Qa1+ 39. Kd2 Qa2+ 40. Kd1 Qa4+ 41. Kd2 Qh4 42. Qe3 Rh7 43. Qe8+ Kg7 44. g3 Qh2 45. Re2 Kh6 46. Qe3+ Kg7 47. Qe5+ Kg8 48. Qb8+ Kg7 49. Qxb7+ Kh6 50. Qb8 Qh3 51. Qf4+ Kh5 52. f3 g5 53. g4+ fxg4 54. fxg4+ Kh4 55. Qf5 Rb7 56. Re3 Qxg4 57. Qf2+ Kh5 58. Qh2+ Kg6 59. Qd6+ Kh7 60. Qxc6 Qg2+ 61. Kd3 Qf1+ 62. Kd4 Qc4+ 63. Qxc4 dxc4 64. Kxc4 Kg6 65. Kd5 Kf5 66. Rf3+ Kg4 67. Rf8 Kh3 68. c4 g4 69. Rh8+ Kg2 70. c5 Rf7 71. c6 g3 72. Kd6 Kf2 73. c7 Rxc7 74. Rf8+ Ke2 75. Kxc7 g2 76. Rg8 Kf1 77. Kc6 a5 78. Kb5 1/2-1/2

[Event "Titled Tuesday intern op 22nd June"]
[Site "Chess.com INT"]
[Date "2021.06.22"]
[Round "9"]
[White "Dolgitser, Konstantin"]
[Black "Torkkola, Henri"]
[Result "0-1"]
[WhiteElo "2210"]
[BlackElo "2180"]
[PlyCount "92"]
[EventDate "2021.06.22"]
[EventType "swiss (blitz)"]
[EventRounds "11"]
[EventCountry "USA"]
[SourceTitle "CBM 203 Extra"]
[Source "ChessBase"]
[SourceDate "2021.09.30"]
[SourceVersion "1"]
[SourceVersionDate "2021.09.30"]
[SourceQuality "1"]

1. d4 Nf6 2. c4 c5 3. Nf3 cxd4 4. Nxd4 Nc6 5. Nc3 e5 6. Nb3 Bb4 7. c5 0-0 8. Bd2 d5 9. cxd6 Qxd6 10. a3 Bf5 11. axb4 Nxb4 12. Rc1 Rfd8 13. e4 Nxe4 14. Nxe4 Bxe4 15. Bxb4 Qxb4+ 16. Nd2 Rd4 17. f3 Rad8 18. Rc4 Rxd2 19. Rxb4 Rxd1+ 20. Kf2 R8d2+ 21. Ke3 Bc6 22. Bc4 Rxh1 23. Kxd2 Rxh2 24. Bf1 Rh6 25. Ke3 Rd6 26. Bc4 g6 27. Rb3 Kg7 28. Ra3 a6 29. b4 f5 30. Rb3 f4+ 31. Ke2 Kf6 32. b5 Bxb5 33. Bxb5 axb5 34. Rxb5 b6 35. Rb4 g5 36. Rb5 h5 37. Rb2 g4 38. fxg4 hxg4 39. Ra2 Kf5 40. Ra8 Rc6 41. Rb8 Ke4 42. Kd2 f3 43. gxf3+ gxf3 44. Rb7 Rd6+ 45. Ke1 Ke3 46. Ra7 Rd3 0-1

[Event "Titled Tuesday intern op 22nd June"]
[Site "Chess.com INT"]
[Date "2021.06.22"]
[Round "10"]
[White "Tsyhanchuk, Stanislav"]
[Black "Dolgitser, Konstantin"]
[Result "1-0"]
[WhiteElo "2306"]
[BlackElo "2210"]
[PlyCount "125"]
[EventDate "2021.06.22"]
[EventType "swiss (blitz)"]
[EventRounds "11"]
[EventCountry "USA"]
[SourceTitle "CBM 203 Extra"]
[Source "ChessBase"]
[SourceDate "2021.09.30"]
[SourceVersion "1"]
[SourceVersionDate "2021.09.30"]
[SourceQuality "1"]

1. d4 d5 2. c4 c6 3. Nc3 Nf6 4. e3 e6 5. Nf3 Nbd7 6. Bd3 dxc4 7. Bxc4 b5 8. Bd3 Bd6 9. e4 e5 10. dxe5 Nxe5 11. Nxe5 Bxe5 12. 0-0 0-0 13. f4 Bd4+ 14. Kh1 Ng4 15. Qc2 Qh4 16. g3 Qh3 17. Qg2 Qxg2+ 18. Kxg2 Ne3+ 19. Bxe3 Bxe3 20. Rae1 Bd4 21. e5 Be6 22. Be4 Rac8 23. Rd1 Bxc3 24. bxc3 Bxa2 25. Ra1 Bc4 26. Rfd1 c5 27. Rxa7 b4 28. cxb4 cxb4 29. Rb7 b3 30. Rd6 g6 31. Bd5 Bxd5+ 32. Rxd5 Rc2+ 33. Kh3 b2 34. Rdb5 Rd8 35. Rxb2 Rxb2 36. Rxb2 h5 37. Kh4 Rd7 38. Kg5 Kg7 39. Rb3 Rc7 40. Rd3 Ra7 41. h3 Rb7 42. g4 hxg4 43. hxg4 Ra7 44. f5 gxf5 45. gxf5 Ra5 46. f6+ Kh7 47. Kf5 Ra1 48. Rh3+ Kg8 49. Rg3+ Kf8 50. Rg4 Rf1+ 51. Kg5 Re1 52. Kf5 Rf1+ 53. Rf4 Re1 54. Rd4 Rf1+ 55. Ke4 Re1+ 56. Kd5 Ke8 57. Kd6 Re2 58. Rd1 Re3 59. Rc1 Rd3+ 60. Kc7 Rd5 61. Rh1 Rd7+ 62. Kc6 Re7 63. Rh8# 1-0

[Event "USA-chT Amateur East"]
[Site "Parsipanny"]
[Date "2002.02.17"]
[Round "3"]
[White "Goldberg, Mitchell"]
[Black "Dolgitser, Konstantin"]
[Result "0-1"]
[WhiteElo "2375"]
[BlackElo "2262"]
[PlyCount "60"]
[EventDate "2002.02.16"]
[EventType "team"]
[EventRounds "6"]
[EventCountry "USA"]
[SourceTitle "CBM 086 Extra"]
[Source "ChessBase"]
[SourceDate "2002.03.14"]
[SourceVersion "1"]
[SourceVersionDate "2002.03.14"]
[SourceQuality "1"]

1. d4 Nf6 2. Nf3 g6 3. g3 Bg7 4. Bg2 d5 5. c4 0-0 6. cxd5 Nxd5 7. 0-0 Nc6 8. Nc3 Nb6 9. d5 Na5 10. Qc2 c6 11. b4 Nxd5 12. Nxd5 cxd5 13. bxa5 Bxa1 14. Bh6 Bg7 15. Bxg7 Kxg7 16. a6 bxa6 17. Rd1 Bf5 18. Qc3+ Kg8 19. Nd4 Rc8 20. Qe3 Be4 21. Bh3 Rc4 22. f3 Bc2 23. Rd2 Qb6 24. Kg2 Ba4 25. Qe5 Qd6 26. Qg5 Bd7 27. e4 Bxh3+ 28. Kxh3 dxe4 29. Nf5 Qf6 30. Nxe7+ Kg7 0-1

[Event "Nassau CC-ch"]
[Site "Nassau"]
[Date "1999.11.01"]
[Round "3"]
[White "Dolgitser, Konstantin"]
[Black "Luchan, Jason"]
[Result "1-0"]
[WhiteElo "2314"]
[BlackElo "2068"]
[PlyCount "51"]
[EventDate "1999.10.18"]
[EventType "swiss"]
[EventRounds "10"]
[EventCountry "USA"]
[SourceTitle "EXT 2003"]
[Source "ChessBase"]
[SourceDate "2002.11.25"]
[SourceVersion "1"]
[SourceVersionDate "2002.11.25"]
[SourceQuality "1"]

1. Nf3 Nf6 2. c4 d6 3. d4 g6 4. g3 Bg7 5. Bg2 0-0 6. 0-0 Nbd7 7. Nc3 e5 8. e4 c6 9. h3 Qb6 10. c5 dxc5 11. dxe5 Ne8 12. e6 fxe6 13. Ng5 Nc7 14. f4 Bd4+ 15. Kh2 Qa6 16. e5 Nb6 17. Be4 Bd7 18. Nxh7 Kg7 19. Nxf8 Rxf8 20. Bd3 c4 21. Bxg6 Kxg6 22. Qxd4 Nbd5 23. Bd2 b5 24. Ne4 Be8 25. Nd6 Qa4 26. f5+ 1-0

[Event "Nassau CC-ch"]
[Site "Nassau"]
[Date "1999.10.25"]
[Round "2"]
[White "Teasley, Dorothy O"]
[Black "Dolgitser, Konstantin"]
[Result "1/2-1/2"]
[WhiteElo "2003"]
[BlackElo "2314"]
[PlyCount "42"]
[EventDate "1999.10.18"]
[EventType "swiss"]
[EventRounds "10"]
[EventCountry "USA"]
[SourceTitle "EXT 2003"]
[Source "ChessBase"]
[SourceDate "2002.11.25"]
[SourceVersion "1"]
[SourceVersionDate "2002.11.25"]
[SourceQuality "1"]

1. d4 d5 2. Nf3 Bf5 3. e3 e6 4. Nbd2 Nf6 5. Be2 c6 6. 0-0 Nbd7 7. b3 Bd6 8. Bb2 Qc7 9. c4 Rd8 10. c5 Be7 11. b4 Ne4 12. a4 Bf6 13. Qb3 Nxd2 14. Nxd2 e5 15. dxe5 Bxe5 16. Nf3 Bxb2 17. Qxb2 0-0 18. Rac1 Bg4 19. Nd4 Bxe2 20. Qxe2 a6 21. b5 axb5 1/2-1/2

[Event "Nassau CC-ch"]
[Site "Nassau"]
[Date "1999.10.18"]
[Round "1"]
[White "Dolgitser, Konstantin"]
[Black "Golder, Louis"]
[Result "1-0"]
[WhiteElo "2314"]
[BlackElo "1952"]
[PlyCount "111"]
[EventDate "1999.10.18"]
[EventType "swiss"]
[EventRounds "10"]
[EventCountry "USA"]
[SourceTitle "EXT 2003"]
[Source "ChessBase"]
[SourceDate "2002.11.25"]
[SourceVersion "1"]
[SourceVersionDate "2002.11.25"]
[SourceQuality "1"]

1. Nf3 d5 2. d4 c6 3. c4 e6 4. Nc3 f5 5. b3 Nf6 6. Bb2 Bd6 7. e3 Nbd7 8. Be2 0-0 9. Qc2 Ne4 10. g3 b6 11. Nd2 Bb7 12. f3 Nxd2 13. Qxd2 Rc8 14. e4 fxe4 15. fxe4 Be7 16. Bg4 Rf6 17. e5 Rg6 18. Bf3 Nf8 19. 0-0 Rg5 20. Rad1 Rf5 21. Bg4 Bg5 22. Qd3 Rxf1+ 23. Rxf1 Be7 24. cxd5 cxd5 25. Rxf8+ Bxf8 26. Bxe6+ Kh8 27. Bxc8 Qxc8 28. Qf3 Kg8 29. Bc1 Bb4 30. Bd2 Bxc3 31. Bxc3 Qf8 32. Qe2 a6 33. e6 b5 34. e7 Qe8 35. Qe6+ Kh8 36. Bd2 Bc6 37. Bb4 h6 38. h4 Qd7 39. Qf7 Qe8 40. Qf8+ Kh7 41. Qf5+ Kg8 42. Qf8+ Kh7 43. Bd6 Qg6 44. Be5 Qb1+ 45. Kg2 Qc2+ 46. Qf2 Qxf2+ 47. Kxf2 g6 48. Ke3 Kg8 49. Bf4 h5 50. Bc7 Kf7 51. Bd8 a5 52. Kf4 Ke6 53. Kg5 Be8 54. Kh6 a4 55. Kg7 axb3 56. axb3 1-0

[Event "USA-chT Amateur East"]
[Site "Parsippany"]
[Date "1998.??.??"]
[Round "4"]
[White "Dolgitser, Konstantin"]
[Black "Hulse, Brian"]
[Result "1/2-1/2"]
[WhiteElo "2260"]
[BlackElo "2245"]
[PlyCount "30"]
[EventDate "1998.??.??"]
[EventType "team"]
[EventRounds "6"]
[EventCountry "USA"]
[SourceTitle "EXT 1999"]
[Source "ChessBase"]
[SourceDate "1998.11.16"]
[SourceVersion "1"]
[SourceVersionDate "1998.11.16"]
[SourceQuality "1"]

1. d4 Nf6 2. c4 e6 3. Nf3 d5 4. Nc3 c6 5. Bg5 Nbd7 6. e3 Qa5 7. cxd5 exd5 8. Bd3 Ne4 9. 0-0 Nxg5 10. Nxg5 Nf6 11. e4 h6 12. Nf3 dxe4 13. Nxe4 Nxe4 14. Bxe4 Be6 15. Qc2 Bd6 1/2-1/2

[Event "Nassau CC-ch"]
[Site "Long Island"]
[Date "1998.??.??"]
[Round "?"]
[White "Dolgitser, Konstantin"]
[Black "Luchan, Jason"]
[Result "1-0"]
[WhiteElo "2260"]
[BlackElo "2120"]
[PlyCount "111"]
[EventDate "1998.??.??"]
[EventType "swiss"]
[EventRounds "10"]
[EventCountry "USA"]
[SourceTitle "EXT 2002"]
[Source "ChessBase"]
[SourceDate "2001.11.25"]
[SourceVersion "1"]
[SourceVersionDate "2001.11.25"]
[SourceQuality "1"]

1. Nf3 Nf6 2. c4 g6 3. d4 Bg7 4. Nc3 0-0 5. g3 d6 6. Bg2 Nbd7 7. 0-0 e5 8. e4 c6 9. h3 Qb6 10. Re1 exd4 11. Nxd4 Ne8 12. Nb3 a5 13. Na4 Qb4 14. Nd2 Nc5 15. Nxc5 Qxc5 16. Qe2 a4 17. Rb1 Be6 18. b4 axb3 19. axb3 Ra2 20. Qd3 Qd4 21. Re3 f5 22. Qe2 f4 23. Rd3 Qa7 24. g4 Ra1 25. Rxa1 Qxa1 26. Qf1 Qa2 27. Nf3 b5 28. Ng5 f3 29. Bxf3 Bc8 30. cxb5 cxb5 31. Bd1 b4 32. Rd2 Qa6 33. Qxa6 Bxa6 34. Ne6 Rf7 35. Nxg7 Kxg7 36. Bb2+ Kf8 37. e5 Ke7 38. Rd4 dxe5 39. Rxb4 Nc7 40. Bxe5 Nd5 41. Ra4 Bb7 42. Be2 Ke6 43. Bd4 Kd6 44. Ra7 Rc7 45. Bc4 Nf4 46. Ra5 Nd5 47. f4 Rc8 48. Be5+ Ke6 49. Ra7 Bc6 50. Rxh7 Ra8 51. Rc7 Be8 52. Rc5 Rd8 53. Kf2 Bf7 54. Kf3 Ke7 55. Ke4 Nb6 56. Bc7 1-0